| 000 | 01063cam a22003255i 4500 | ||
|---|---|---|---|
| 999 |
_c28930 _d28901 |
||
| 001 | 014475967 | ||
| 003 | EG-ScBUE | ||
| 005 | 20201014150800.0 | ||
| 008 | 071214t20102010njua f b 001 0 eng d | ||
| 020 | _a9780470169964 (pbk.) | ||
| 020 | _a0470169966 (pbk.) | ||
| 040 |
_aStDuBDS _beng _erda _cStDuBDS _dUk _dEG-ScBUE |
||
| 082 | 0 | 4 |
_a621.382 _bHAY _222 |
| 100 | 1 |
_aHaykin, Simon S., _d1931- _eauthor. |
|
| 245 | 1 | 0 |
_aCommunication systems / _cSimon Haykin, Michael Moher. |
| 250 | _aFifth edition. | ||
| 250 | _aInternational student version | ||
| 264 | 1 |
_aHoboken, New Jersey : _bJohn Wiley, _c[2010] |
|
| 264 | 4 | _cc2010 | |
| 300 |
_axi, 422 pages : _billustrations ; _c26 cm |
||
| 336 |
_atext _btxt _2rdacontent |
||
| 337 |
_aunmediated _bn _2rdamedia |
||
| 338 |
_avolume _bnc _2rdacarrier |
||
| 504 | _aIncludes bibliographical references and index. | ||
| 650 | 7 |
_aTelecommunication systems. _2BUEsh |
|
| 650 | 7 |
_aSignal theory (Telecommunication) _2BUEsh |
|
| 653 |
_bCOMSCI _cOctober2020 |
||
| 700 | 1 |
_aMoher, Michael, _eauthor. |
|
| 942 |
_2ddc _cBB |
||